| 000 | 00440nam a2200145Ia 4500 | ||
|---|---|---|---|
| 008 | 100415s9999 xx 000 0 und d | ||
| 082 |
_b21765 _a639.9(5414) |
||
| 100 | _aGREWAL, BIKRAM | ||
| 245 | _aBharatpur inheritance: (For Reference Only) | ||
| 260 |
_aMUMBAI _c2006 _bSANCTUARY ASIA |
||
| 365 | _b1 | ||
| 630 | _aBharatpur inheritance: (For Reference Only) | ||
| 730 | _aBharatpur inheritance: (For Reference Only) | ||
| 942 | _cBOOK | ||
| 999 |
_c604647 _d604644 |
||